Online
Catalog

Discurso de incorporacion del Dr. Ramon Escovar Salom. Discurso de contestacion del academico Dr. Eloy Lares Martinez. (Record no. 1313)

MARC details
000 -CABECERA
campo de control de longitud fija 00889cam a2200265 i 4500
001 - NÚMERO DE CONTROL
campo de control 000001391
003 - IDENTIFICADOR DEL NÚMERO DE CONTROL
campo de control DO-SdBNP
005 - FECHA Y HORA DE LA ÚLTIMA TRANSACCIÓN
campo de control 20251029111305.0
008 - DATOS DE LONGITUD FIJA--INFORMACIÓN GENERAL
campo de control de longitud fija 770812s1976 ve 000 0 spa
010 ## - NÚMERO DE CONTROL DE LA BIBLIOTECA DEL CONGRESO
Número de control de LC 77467482
040 ## - FUENTE DE LA CATALOGACIÓN
Centro catalogador/agencia de origen DO-SdBNP
Centro/agencia transcriptor DLC
Centro/agencia modificador DLC
043 ## - CÓDIGO DE ÁREA GEOGRÁFICA
Código de área geográfica s-ve---
050 00 - SIGNATURA TOPOGRÁFICA DE LA BIBLIOTECA DEL CONGRESO
Número de clasificación JL3831
Número de documento/Ítem .E82
100 2# - ENTRADA PRINCIPAL--NOMBRE DE PERSONA
Nombre de persona Escovar Salom, Ramon.
9 (RLIN) 4657
245 00 - MENCIÓN DE TÍTULO
Título Discurso de incorporacion del Dr. Ramon Escovar Salom. Discurso de contestacion del academico Dr. Eloy Lares Martinez.
260 ## - PUBLICACIÓN, DISTRIBUCIÓN, ETC.
Lugar de publicación, distribución, etc. Caracas :
Nombre del editor, distribuidor, etc. Academia de Ciencias Politicas y Sociales,
Fecha de publicación, distribución, etc. 1976.
300 ## - DESCRIPCIÓN FÍSICA
Extensión 48 p. ;
Dimensiones 22 cm.
500 ## - NOTA GENERAL
Nota general Cover title.
610 20 - PUNTO DE ACCESO ADICIONAL DE MATERIA--NOMBRE DE ENTIDAD CORPORATIVA
Nombre de entidad corporativa o nombre de jurisdicción como elemento de entrada Academia de Ciencias Politicas y Sociales (Venezuela)
9 (RLIN) 4659
651 #0 - PUNTO DE ACCESO ADICIONAL DE MATERIA--NOMBRE GEOGRÁFICO
Nombre geográfico Venezuela
Subdivisión general Politics And Government
Subdivisión cronológica 1974-1999.
9 (RLIN) 26230
700 2# - PUNTO DE ACCESO ADICIONAL--NOMBRE DE PERSONA
Nombre de persona Lares Martinez, Eloy.
9 (RLIN) 4660
910 ## - DATOS DE OPCIÓN DEL USUARIO (OCLC)
Datos de opción del usuario Catalogación por copia / LC
910 ## - DATOS DE OPCIÓN DEL USUARIO (OCLC)
Datos de opción del usuario DC
942 ## - ELEMENTOS DE PUNTO DE ACCESO ADICIONAL (KOHA)
Fuente del sistema de clasificación o colocación Dewey Decimal Classification
Tipo de ítem Koha Libro

No items available.

Powered by Koha